| 000 | 00836nam a2200241 i 4500 | ||
|---|---|---|---|
| 001 | 53567 | ||
| 003 | ES-MaACL | ||
| 005 | 20240526062937.0 | ||
| 007 | t| | ||
| 008 | 960627s1890 fr |||| | fre d | ||
| 100 | 1 |
_aFaguet, Émile, _d1847-1916 _948632 |
|
| 245 | 1 | 0 |
_aDix-huitième siècle _b: etudes littéraires / _cEmile Faguet. |
| 250 | _a31e éd. | ||
| 260 |
_aParis : _bSociété Française d'Imprimerie et de Librairie, _c[1890?] |
||
| 300 |
_aXXXII, 559 p. ; _c19 cm. |
||
| 490 | 1 | _aNouvelle bibliothèque littéraire | |
| 500 | _aMención de ed. tomada de cub. original. | ||
| 500 | _aFecha tomada del prólogo. | ||
| 650 | 4 |
_aLiteratura francesa- _yS.XVIII- _vHistoria y crítica. _914592 |
|
| 830 | 0 |
_aNouvelle bibliothèque littéraire _9182447 |
|
| 852 |
_aES-MaACL _jF-577 |
||
| 999 |
_c53567 _d53567 |
||